000 00502nam a2200205Ia 4500
003 GCL
008 140319s9999 xx 000 0 eng d
040 _aGCL /
_cGCL
082 0 4 _a709.024
_bC R
100 1 _aCOLE, ALSON
245 1 0 _aTHE RENAISSANCE /
_cCOLE, ALSON
260 _a[S.N] :
_bDORLING KINDERSLEY ،
_c1994
300 _a64 PP
650 0 4 _aARTS
650 0 4 _aHISTORY AND CRITICISM
650 0 4 _aPAINTING
650 0 4 _aPAINTERS
650 0 4 _aRENAISSANCE PERIOD
942 _2ddc
_cBK
999 _c18880
_d18880